RuPaul's Drag Race Queens Quiz - Statistics

General Stats
  • This quiz has been taken 469 times
  • The average score is 14 of 15
Answer Stats
Picture Answer % Correct
Alyssa Edwards
100%
Bianca Del Rio
99%
Valentina
97%
Gia Gunn
96%
Katya
94%
Ongina
94%
Raven
94%
Willam
93%
Tammie Brown
90%
Miss Fame
89%
Acid Betty
88%
Yara Sofia
86%
Detox
82%
Manila Luzon
81%
Charlie Hides
80%
No matching quizzes found
Score Distribution
Percent of People with Each Score
Percentile by Number Answered
Your Score History
You have not taken this quiz